000 00861cam a22002774a 4500
008
020 _a0072833718 (pbk. )
049 _aMAIN
090 _aHF1416
_bCAT
100 1 _aCateora, Philip R.
245 1 0 _aInternational marketing /
_cPhilip R. Cateora [and] John L. Graham.
250 _a12th ed.
260 _aBoston :
_bMcGraw-Hill/Irwin,
_cc2005.
300 _axxxiii, 697 p. :
_bcol. ill. + col. maps ;
_c29 cm.
440 0 _aMcGraw-Hill/Irwin series in marketing
504 _aIncludes bibliographical references.
500 _aIncludes index.
650 0 _aExport marketing.
650 0 _aInternational business enterprises.
700 1 _aGraham, John L.
907 _a.b10294788
_b19-07-11
_c14-04-11
003
005 20230123125247.0
040 _cNUST
942 _cBOOKS
_kHF1416
_mCAT
999 _c138483
_d138483